Top 30 biggest countries in the world! - Statistics

General Stats
  • This quiz has been taken 27 times
  • The average score is 26 of 30
Answer Stats
Continent #Biggest Answer % Correct
Asia 3 China
100%
Europe/Asia 1 Russia
100%
South America 8 Argentina
95%
Oceania 6 Australia
95%
South America 5 Brazil
95%
North America 2 Canada
95%
North America 13 Mexico
95%
Asia 18 Mongolia
95%
South America 19 Peru
95%
North America 4 USA
95%
Africa 10 Algeria
90%
South America 25 Colombia
90%
Asia 7 India
90%
Asia 9 Kazakhstan
90%
Africa 16 Libya
90%
Africa 21 Niger
90%
Africa 20 Chad
85%
Africa 11 DR Congo
85%
Africa 29 Egypt
85%
Africa 23 Mali
85%
Africa 15 Sudan
85%
Africa 22 Angola
80%
South America 27 Bolivia
80%
Africa 26 Ethiopia
80%
Asia 14 Indonesia
80%
Asia 17 Iran
80%
Africa 28 Mauritania
80%
Asia 12 Saudi Arabia
80%
Africa 24 South Africa
80%
Africa 30 Tanzania
75%
No matching quizzes found
Score Distribution
Percent of People with Each Score
Percentile by Number Answered
Your Score History
You have not taken this quiz